00391nam a2200157Ia 4500008004100000020001500041041001200056082001600068100001600084245006100100250000800161260002500169300000800194650001400202700001700216221030s9999 xx 000 0 und d a0070588937 aEnglish a105.23bMei aH. Meislich 0aSchaum`s Organic Chemistrycby H. Meislich, H. Nechamkin a3rd bTMHaNew Delhic2005 a469 aChemistry aH. Nechamkin